Normal view
MARC view
Entry Término temático
001 - NÚMERO DE CONTROL
- campo de control: 165792
003 - IDENTIFICADOR DEL NÚMERO DE CONTROL
- campo de control: OSt
005 - FECHA Y HORA DE LA ÚLTIMA TRANSACCIÓN
- campo de control: 20220127160919.0
008 - DATOS DE LONGITUD FIJA
- campo de control de longitud fija: 220127|| aca||aabn | a|a d
040 ## - FUENTE DE LA CATALOGACIÓN
- Centro catalogador/agencia de origen: OSt
- Centro/agencia transcriptor: OSt
150 ## - ENCABEZAMIENTO--TÉRMINO DE MATERIA
- Término de materia o nombre geográfico como elemento de entrada: Guayaba
- Subdivisión general: Zacatecas Nemátodos parásitos de plantas Neloidogyne javanica
670 ## - FUENTE DE DATOS ENCONTRADOS
- Cita de la fuente: Work cat.: (OSt)200954: Carrillo Rivera, José de Jesús 19531, Nemátodos asociados al cultivo de la guayaba (Psidium guajava L.) y ensayo de control en el Cañón de Juchipila, Zacatecas /
